00655nam a2200181 a 4500001001000000005001700010245003000027260002800057300004200085500001800127500003200145500001900177500002700196500007100223500004100294500004600335506009200381BRCA_859420190320210335.010aCarpeta con poco dibujos. a[s.l.]b[s.i.]cs.XVII? a1 vol. (sin paginación)bil.c31 cm aFondo antiguo aSe encuentra en Caja Fuerte aLB-5/(CO8-410) aCarpeta con 16 dibujos aEn las páginas finales del documento se localizan algunas firmas aEjemplar conservado en carpeta negra aNota de encuadernación: carpeta en piel0 aFondo reservado: para su consulta es necesario credencial de usuario y carta de motivos